000 00724cam a2200265 4500
001 ABS68325
008 041028n2004 000 0 eng u
035 _a(Sirsi) u127871
245 _aFocus 2: City of London and Docklands
260 _c2004
490 _aProperty Week
_v(0443) 23 October 2004, 89-113(12)
590 _aABS
590 _aABS
650 _aCITY OF LONDON
650 _aDOCKLANDS
650 _aOFFICE MARKET
650 _aPROPERTY-COMMERCIAL PROPERTY-RETAIL PROPERTY-RETAIL PROPERTY MARKET
650 _aRESIDENTIAL USE
650 _aOFFICE DEVELOPMENT
650 _aPLANNING
650 _aINVESTMENT
650 _aCANARY WHARF
690 _aCOMMERCIAL PROPERTY-MARKET
942 _n0
999 _c118251
_d118251